[Event "Lvov Ukrainian Chess Warriors"]
[Site "Lvov"]
[Date "2024.03.15"]
[Round "2"]
[White "Dovgaliuk, Oleksandr"]
[Black "Molchanov, Roman"]
[Result "1-0"]
[WhiteElo "1936"]
[BlackElo "1654"]
[PlyCount "73"]
[EventDate "2024.03.15"]
[EventType "swiss (rapid)"]
[EventRounds "8"]
[EventCountry "UKR"]
[SourceTitle "CB12_2024"]
[SourceDate "2023.10.01"]
[SourceVersion "1"]
[SourceVersionDate "2023.10.01"]
[SourceQuality "1"]

1. Nf3 Nf6 2. d4 d5 3. Bg5 Bf5 4. Nbd2 e6 5. e3 Be7 6. Ne5 Nbd7 7. Be2 Nxe5 8. dxe5 Nd7 9. Bf4 0-0 10. 0-0 Nc5 11. Nf3 h6 12. Nd4 Bg6 13. Rc1 Nd7 14. Bg4 c5 15. Nxe6 fxe6 16. Bxe6+ Kh8 17. Qxd5 Nb6 18. Qxb7 Bg5 19. Bxg5 Qxg5 20. f4 Qd8 21. f5 Bh5 22. g4 Qg5 23. Qe4 Bxg4 24. Kh1 Qh5 25. Rf4 Be2 26. Rg1 Rae8 27. Qb7 Nd7 28. Bxd7 Re7 29. e6 Rxf5 30. Qa8+ Kh7 31. Rg3 Rd5 32. h4 Rd1+ 33. Kh2 Rd2 34. Qe4+ Kg8 35. Rf2 Bd3 36. Qa8+ Kh7 37. Rxd2 1-0

[Event "EU-ch U12 rapid"]
[Site "Terme Catez"]
[Date "2023.09.28"]
[Round "6"]
[White "Bouska, Jiri"]
[Black "Molchanov, Roman"]
[Result "1/2-1/2"]
[WhiteElo "2176"]
[BlackElo "1737"]
[PlyCount "70"]
[EventDate "2023.09.28"]
[EventType "swiss (rapid)"]
[EventRounds "9"]
[EventCountry "SLO"]
[SourceTitle "EXT 2024"]
[Source "ChessBase"]
[SourceDate "2023.10.10"]
[SourceVersion "1"]
[SourceVersionDate "2023.10.10"]
[SourceQuality "1"]

1. e4 e5 2. Nf3 Nc6 3. Bb5 a6 4. Ba4 Nf6 5. 0-0 Be7 6. d3 b5 7. Bb3 0-0 8. a4 Bb7 9. Nc3 b4 10. Nd5 d6 11. Bd2 a5 12. Re1 h6 13. h3 Nb8 14. Ne3 Nbd7 15. Nf5 Nc5 16. Bc4 c6 17. N3h4 d5 18. exd5 cxd5 19. Ba2 Bd6 20. Nxd6 Qxd6 21. Nf5 Qc7 22. Qf3 Nh7 23. Qg3 Ne6 24. Bxh6 f6 25. Be3 Kh8 26. Nh4 Rfe8 27. Ng6+ Kg8 28. f4 exf4 29. Bxf4 Nxf4 30. Qxf4 Qxc2 31. Ne7+ Kh8 32. Ng6+ Kg8 33. Qd6 b3 34. Ne7+ Kh8 35. Ng6+ Kg8 1/2-1/2

[Event "EU-ch U12 rapid"]
[Site "Terme Catez"]
[Date "2023.09.28"]
[Round "5"]
[White "Molchanov, Roman"]
[Black "Radzimski, Antoni"]
[Result "1-0"]
[WhiteElo "1737"]
[BlackElo "1961"]
[PlyCount "69"]
[EventDate "2023.09.28"]
[EventType "swiss (rapid)"]
[EventRounds "9"]
[EventCountry "SLO"]
[SourceTitle "EXT 2024"]
[Source "ChessBase"]
[SourceDate "2023.10.10"]
[SourceVersion "1"]
[SourceVersionDate "2023.10.10"]
[SourceQuality "1"]

1. e4 c5 2. Nf3 d6 3. c3 Nf6 4. Be2 Nc6 5. d4 cxd4 6. cxd4 e6 7. Nc3 Be7 8. 0-0 a6 9. Be3 0-0 10. h3 b5 11. d5 exd5 12. exd5 Ne5 13. Nxe5 dxe5 14. Bf3 Bd6 15. Bg5 h6 16. Bh4 Bf5 17. Be4 Bxe4 18. Nxe4 g5 19. Nxf6+ Qxf6 20. Bg3 Qe7 21. Qh5 Kg7 22. Rae1 f5 23. f4 e4 24. Bh2 Rae8 25. Kh1 Bb4 26. Re2 Qf6 27. a3 Bc5 28. Rc2 Bb6 29. Rc6 Bd4 30. Rxf6 Bxf6 31. fxg5 hxg5 32. Rxf5 e3 33. Qe2 Rc8 34. Qxe3 Rfe8 35. Be5 1-0

[Event "Morshyn All Ukranian 1st"]
[Site "Morshyn"]
[Date "2023.07.08"]
[Round "1"]
[White "Molchanov, Roman"]
[Black "Bodnar, Alexander"]
[Result "0-1"]
[WhiteElo "1411"]
[BlackElo "2260"]
[PlyCount "134"]
[EventDate "2023.07.08"]
[EventType "swiss (rapid)"]
[EventRounds "9"]
[EventCountry "UKR"]
[SourceTitle "CBM 215 Extra"]
[Source "ChessBase"]
[SourceDate "2023.09.30"]
[SourceVersion "1"]
[SourceVersionDate "2023.09.30"]
[SourceQuality "1"]

1. e4 c5 2. Nf3 d6 3. c3 Nf6 4. Be2 e5 5. 0-0 Nc6 6. d4 Qc7 7. Re1 Be7 8. d5 Nb8 9. h3 0-0 10. Nbd2 Nbd7 11. Bf1 Rb8 12. a4 b6 13. Nb1 Re8 14. Na3 a6 15. Bg5 h6 16. Bh4 Nf8 17. Nc4 Ng6 18. Bg3 b5 19. axb5 axb5 20. Na3 Bd7 21. Nc2 Ra8 22. Bd3 Nh7 23. Qd2 Qb7 24. b3 Rf8 25. Rxa8 Rxa8 26. Ra1 Rxa1+ 27. Nxa1 Qa6 28. Qb2 Nf6 29. Nc2 Nh5 30. Qa3 Qb7 31. Qa5 Nhf4 32. Bxf4 Nxf4 33. Bf1 g5 34. g3 Nxh3+ 35. Bxh3 Bxh3 36. Na3 Bd7 37. Nd2 Kf8 38. Nf3 Ke8 39. Nc2 Bd8 40. Qa3 Bb6 41. Nd2 Qa7 42. Qxa7 Bxa7 43. c4 Ke7 44. Kg2 f5 45. f3 Bb6 46. Kh2 Ba5 47. Nb1 Be8 48. g4 fxe4 49. fxe4 bxc4 50. bxc4 Bg6 51. Ne3 Bxe4 52. Na3 Bd2 53. Nf5+ Bxf5 54. gxf5 Bf4+ 55. Kg2 Kf6 56. Nb5 e4 57. Nc7 Kxf5 58. Kf2 h5 59. Ne6 h4 60. Kg2 g4 61. Kf2 h3 62. Ng7+ Ke5 63. Nh5 g3+ 64. Kg1 Kf5 65. Ng7+ Kg4 66. Ne6 Be3+ 67. Kf1 g2+ 0-1

[Event "EU-chT U12"]
[Site "Thessaloniki"]
[Date "2022.07.17"]
[Round "6.3"]
[White "Molchanov, Roman"]
[Black "Anghelescu, Teodor Stefan"]
[Result "0-1"]
[WhiteElo "1290"]
[BlackElo "1813"]
[PlyCount "94"]
[EventDate "2022.07.12"]
[EventType "team-swiss"]
[EventRounds "7"]
[EventCountry "GRE"]
[SourceTitle "EXT 2023"]
[Source "ChessBase"]
[SourceDate "2022.10.05"]
[SourceVersion "1"]
[SourceVersionDate "2022.10.05"]
[SourceQuality "1"]
[WhiteTeam "Lvov Academy U12"]
[BlackTeam "Romania U12"]
[WhiteTeamCountry "UKR"]
[BlackTeamCountry "ROU"]

1. e4 c5 2. Nf3 d6 3. c3 Nf6 4. h3 Nbd7 5. Bd3 b6 6. 0-0 Bb7 7. Re1 Qc7 8. Bc2 Rc8 9. d3 g6 10. Nbd2 Bg7 11. Nf1 0-0 12. Ne3 e6 13. Bd2 d5 14. exd5 Nxd5 15. Nxd5 Bxd5 16. Bb3 Qb7 17. Bxd5 Qxd5 18. Be3 Rfd8 19. d4 cxd4 20. Bxd4 e5 21. Be3 Nc5 22. Qe2 Qd3 23. Qxd3 Nxd3 24. Re2 Rd7 25. Rd2 Rcd8 26. Rad1 f5 27. Ne1 Nc5 28. Rxd7 Rxd7 29. Rxd7 Nxd7 30. Nd3 Bf8 31. a3 Kf7 32. Kf1 Ke6 33. c4 Bd6 34. b4 a5 35. bxa5 bxa5 36. c5 Bc7 37. c6 Nb8 38. a4 f4 39. Bd2 Kd5 40. Ke2 Nxc6 41. g3 f3+ 42. Kd1 Bb6 43. h4 Kc4 44. Ne1 e4 45. Be3 Bxe3 46. fxe3 Nb4 47. g4 f2 0-1